00756nam a2200181 a 450000100100000000500170001000800410002704000250006808200150009311101190010824500760022726000390030330000260034271000670036804900090043595201130044499900170055700001419920200929163521.0091207s1998 dr ac 000 0 spa d aDO-SdBNPbspacBNPHU axxxbC748p2 aConferencia Nacional Sobre Mejoramineto de la Productividad Nacionaln(3a :d1998 sept. :c[Santo Domingo])93207610aPonencias de la III conferencia sobre mejoramiento de la productividad. a[Santo Domingo] :bINFOTEP,c1998. a88 P. :bil. ; retrs. aInstituto Nacional de Formación Técnica Profesional932077 aBNPD 0010718PDaPDbPDcCTd2009-12-07iLF1l0oxxx C748pp14199-10r2020-06-25w2020-06-25yLFPDZNo se presta c13800d13800